000 00740 a2200265 4500
001 7548
003 Complexo Educacional Contemporaneo
005 20230919130038.0
008 200526s2002 r por d
020 _a9788526243859
040 _aComplexo Educacional Contemporaneo
_bpor
080 _a82-34
082 _a82-34
090 _a82-34 C311h
_bAP
_dCabra-Cega
100 _aCarrascoza, João Anzanello
240 1 0 _aHistórias para sonhar acordado
_lPortuguês
260 _aSão Paulo
_bScipione
_c2002
300 _a48p.
362 0 _a(2002)
650 4 _aAventura
650 4 _aContos
650 4 _aLiteratura Infanto Juvenil
245 1 0 _aHistórias para sonhar acordado
999 _c7548
_d7548